[Event "Sarajevo-ch 2019"]
[Site "Sarajevo"]
[Date "2019.03.18"]
[Round "7.4"]
[White "Dizdarevic, Emir"]
[Black "Sutkovic, Damir"]
[Result "1/2-1/2"]
[WhiteElo "2430"]
[BlackElo "2346"]
[Annotator "TA"]
[PlyCount "46"]
[EventDate "2019.03.12"]
[EventType "tourn"]
[EventCountry "BIH"]
[SourceTitle "playchess.com"]
[Source "ChessBase"]
[SourceQuality "1"]

{[%evp 17,46,10,14,8,8,3,7,0,0,0,18,9,37,0,0,0,0,0,0,-6,-11,-17,-9,0,1,4,0,0,0,19,10]} 1. Nf3 Nf6 2. g3 d5 3. Bg2 c6 4. O-O Bg4 5. d4 Nbd7 6. Nbd2 e6 7. Re1 Be7 8. e4 O-O 9. c3 Rc8 10. Qb3 {D02: 1 d4 d5 2 Nf3 sidelines, including 2...Nf6 3 g3 and 2...Nf6 3 Bf4} (10. h3 Bh5 11. e5 Ne8 12. Nf1 c5 13. g4 Bg6 14. Ng3 b5 {½-½ (14) Mamedov,R (2639)-Akobian,V (2632) Arlington 2015}) 10... Qc7 11. e5 Ne8 $1 12. c4 Bh5 13. h4 dxc4 14. Nxc4 c5 15. Bg5 (15. d5 $5 exd5 16. Ne3 $11) 15... Bxg5 $1 {The position is equal.} 16. Nxg5 h6 17. Ne4 (17. Nf3 {seems wilder.} cxd4 18. Ncd2 Bg6 19. Nxd4 Nc5 20. Qe3) 17... cxd4 18. Ned6 $146 {[%mdl 2048] White has some pressure.} Nxd6 19. Nxd6 Rb8 20. Rac1 Qa5 21. Nxb7 Qd2 {[#] And now ...Rbc8 would win.} 22. Qc2 $1 {[%cal Rc2d2]} Qxc2 23. Rxc2 d3 1/2-1/2

[Event "Sarajevo-ch 2019"]
[Site "Sarajevo"]
[Date "2019.03.18"]
[Round "7.5"]
[White "Halilovic, Fahrudin"]
[Black "Kozarcanin, Sead"]
[Result "1-0"]
[WhiteElo "2053"]
[BlackElo "2005"]
[Annotator "NA RC"]
[PlyCount "51"]
[EventDate "2019.03.12"]
[EventType "tourn"]
[EventCountry "BIH"]
[SourceTitle "playchess.com"]
[Source "ChessBase"]
[SourceQuality "1"]
[TimeControl "5400+30"]

{[%evp 8,49,33,40,83,70,121,97,88,107,131,111,141,124,212,214,221,226,222,218,229,164,182,177,190,191,185,189,245,266,252,257,323,215,350,357,346,373,526,558,529,513,515,522]} 1. e4 {[%emt 0:00:00]} e5 {[%emt 0:22:56]} 2. Nf3 {[%emt 0:00:00]} Nc6 {[%emt 0:00:12]} 3. Bb5 {[%emt 0:00:00]} a6 {[%emt 0:00:05]} 4. Ba4 {[%emt 0:00:00]} d6 {[%emt 0:00:32]} 5. O-O {[%emt 0:00:02] LiveBook: 1467 Games} g6 {[%emt 0:01:07] C72: Ruy Lopez: Deferred Steinitz: 5 0-0} (5... Bd7 6. c4 Nf6 7. Nc3 Nd4 8. Bxd7+ Qxd7 9. d3 Nxf3+ 10. Qxf3 Be7 11. h3 O-O 12. Be3 c6 13. a4 a5 14. d4 Qc7 15. Rac1 {½-½ (40) Heimann,A (2601)-Vallejo Pons,F (2694) Germany 2019}) 6. d4 {[%emt 0:01:01]} exd4 {[%emt 0:01:54]} 7. Qxd4 {[%emt 0:02:18]} f6 {[%emt 0:02:27]} 8. Qc4 $146 {[%emt 0:21:22]} ({Predecessor:} 8. Qd3 Bd7 9. Nc3 Ne5 10. Nxe5 dxe5 11. Bb3 Bc6 12. Qh3 Bd7 13. Qh4 {0-1 (39) Iordachescu,V (2553)-Efimov,I (2445) Castellaneta 1999}) 8... Bd7 {[%emt 0:03:16] [#]} ({Better is} 8... Qd7 $14) 9. Bb3 $1 {[%emt 0:00:09]} Qe7 {[%emt 0:00:10]} 10. Nc3 {[%emt 0:00:09]} Na5 {[%emt 0:00:36]} (10... Qg7 $16 {keeps fighting.}) 11. Qxc7 {[%emt 0:00:23]} Qd8 {[%emt 0:05:00]} 12. Nd5 {[%emt 0:01:34]} Nxb3 {[%emt 0:01:00]} 13. axb3 {[%emt 0:02:30]} Bc6 {[%emt 0:00:51]} 14. Nd4 {[%emt 0:03:34]} Bxd5 {[%emt 0:04:35]} 15. Qxd8+ {[%emt 0:00:07]} Rxd8 {[%emt 0:00:27]} 16. exd5 {[%emt 0:00:01]} Kf7 {[%emt 0:01:05]} 17. b4 {[%emt 0:05:03]} Bg7 {[%emt 0:07:21]} 18. b5 {[%emt 0:01:43]} axb5 {[%emt 0:00:47]} 19. Nxb5 {[%emt 0:00:12]} Ne7 {[%emt 0:00:07]} 20. c4 {[%emt 0:01:12]} f5 {[%emt 0:00:24]} (20... Rd7 {keeps fighting.} 21. Re1 Nf5) 21. Ra7 {[%emt 0:00:29]} Rd7 {[%emt 0:02:41] [#]} 22. Rxb7 $3 {[%emt 0:00:44]} Rxb7 {[%emt 0:00:37]} (22... Rhd8 $142) 23. Nxd6+ {[%emt 0:00:02] Double Attack} Kf6 {[%emt 0:00:53]} 24. Nxb7 {[%emt 0:00:02]} Rb8 {[%emt 0:00:13]} 25. Nd6 $18 {[%emt 0:06:57]} Rd8 {[%emt 0:03:55]} 26. Bg5+ {[%emt 0:00:40]} 1-0

[Event "Sarajevo-ch 2019"]
[Site "Sarajevo"]
[Date "2019.03.18"]
[Round "8.1"]
[White "Kurtcehajic, Suad"]
[Black "Kozarcanin, Sead"]
[Result "1-0"]
[WhiteElo "1982"]
[BlackElo "2005"]
[Annotator "NA RC"]
[PlyCount "91"]
[EventDate "2019.03.12"]
[EventType "tourn"]
[EventCountry "BIH"]
[SourceTitle "playchess.com"]
[Source "ChessBase"]
[SourceQuality "1"]
[TimeControl "5400+30"]

1. e4 {[%emt 0:13:44]} e5 {[%emt 0:00:34]} 2. Nf3 {[%emt 0:00:05]} Qe7 {[%emt 0:00:08]} 3. Nc3 {[%emt 0:01:34]} Nf6 {[%emt 0:01:07]} 4. Bc4 {[%emt 0:02:35]} d6 {[%emt 0:00:15]} 5. Ng5 {[%emt 0:02:33]} Be6 {[%emt 0:00:03]} 6. Nxe6 {[%emt 0:01:33]} fxe6 {[%emt 0:00:03]} 7. O-O {[%emt 0:04:56]} Nc6 {[%emt 0:01:37]} 8. a3 {[%emt 0:00:54]} g6 {[%emt 0:12:27]} 9. d3 {[%emt 0:02:42]} Bg7 {[%emt 0:00:17]} 10. b4 {[%emt 0:04:36]} O-O {[%emt 0:02:34]} 11. Bg5 {[%emt 0:03:08]} h6 {[%emt 0:00:27]} 12. Be3 {[%emt 0:01:26]} a6 {[%emt 0:02:18]} 13. f3 {[%emt 0:01:57]} Nh5 {[%emt 0:07:01]} 14. g3 {[%emt 0:02:25]} Kh7 {[%emt 0:01:23]} 15. Ne2 {[%emt 0:06:43]} Rf7 {[%emt 0:02:16]} 16. Kg2 {[%emt 0:02:28]} Raf8 {[%emt 0:00:30]} 17. c3 {[%emt 0:00:30]} g5 {[%emt 0:00:30]} 18. Qb3 {[%emt 0:00:30]} Nd8 {[%emt 0:00:30]} 19. a4 {[%emt 0:00:30]} c6 {[%emt 0:00:30]} 20. Qa2 {[%emt 0:00:30]} Rg8 {[%emt 0:00:30]} 21. Bb3 {[%emt 0:00:30]} Bf8 {[%emt 0:00:30]} 22. Rae1 {[%emt 0:00:30]} d5 {[%emt 0:00:30]} 23. Bc2 {[%emt 0:00:30]} Kh8 {[%emt 0:00:30]} 24. Qb1 {[%emt 0:00:30]} Rfg7 {[%emt 0:00:30]} 25. Nc1 {[%emt 0:00:30]} Qf7 {[%emt 0:00:30]} 26. Nb3 {[%emt 0:00:30]} Nf4+ {[%emt 0:00:30]} 27. Kh1 {[%emt 0:00:30]} Qh5 {[%emt 0:00:30]} 28. Qd1 {[%emt 0:00:30]} Qh3 {[%emt 0:00:30]} 29. Rg1 {[%emt 0:00:30]} g4 {[%emt 0:00:30]} 30. Ref1 {[%emt 0:00:30]} dxe4 {[%emt 0:00:30]} 31. fxe4 {[%emt 0:00:30]} Nf7 {[%emt 0:00:30]} 32. Qd2 {[%emt 0:00:30]} Nh5 {[%emt 0:00:30]} 33. Qg2 {[%emt 0:00:30]} Qxg2+ {[%emt 0:00:30]} 34. Rxg2 {[%emt 0:00:30]} Ng5 {[%emt 0:00:30]} 35. Bxg5 {[%emt 0:00:30]} Rxg5 {[%emt 0:00:30]} 36. Rgf2 {[%emt 0:00:30]} Be7 {[%emt 0:00:30]} 37. Na5 {[%emt 0:00:30]} c5 {[%emt 0:00:30]} 38. b5 {[%emt 0:00:30]} axb5 {[%emt 0:00:30]} 39. axb5 {[%emt 0:00:30]} R5g7 {[%emt 0:00:30]} 40. Bb3 {[%emt 0:00:30]} Rd8 {[%emt 0:00:30]} 41. Bc4 {[%emt 0:00:30]} Bg5 {[%emt 0:00:30]} 42. Rf7 {[%emt 0:00:30]} b6 {[%emt 0:00:30]} 43. Nc6 {[%emt 0:00:30]} Rxf7 {[%emt 0:00:30]} 44. Rxf7 {[%emt 0:00:30]} Ra8 {[%emt 0:00:30]} 45. Nxe5 {[%emt 0:00:30]} Ra1+ {[%emt 0:00:30]} 46. Kg2 {[%emt 0:00:30]} 1-0

[Event "Sarajevo-ch 2019"]
[Site "Sarajevo"]
[Date "2019.03.18"]
[Round "8.2"]
[White "Sutkovic, Damir"]
[Black "Halilovic, Fahrudin"]
[Result "1-0"]
[WhiteElo "2346"]
[BlackElo "2053"]
[Annotator "TA"]
[PlyCount "105"]
[EventDate "2019.03.12"]
[EventType "tourn"]
[EventCountry "BIH"]
[SourceTitle "playchess.com"]
[Source "ChessBase"]
[SourceQuality "1"]

{[%evp 9,105,28,32,29,120,111,106,95,130,141,120,0,0,0,0,0,0,5,129,120,140,114,137,161,142,152,135,132,120,104,100,103,108,106,110,73,67,69,89,90,87,69,94,91,88,91,91,92,87,89,85,89,96,81,77,91,120,120,112,112,112,110,133,129,159,165,191,186,209,212,200,191,195,200,229,229,224,226,301,295,294,295,281,283,277,274,392,381,387,381,337,342,487,379,797,776,706,706]} 1. d3 e5 2. g3 d5 3. Bg2 f5 4. c4 c6 (4... dxc4 5. Qa4+ c6 6. Qxc4 Nf6 7. Nf3 Bd6 8. O-O Qe7 9. a3 Be6 10. Qc2 O-O 11. Nbd2 Nbd7 {½-½ (52) Movsziszian,K (2479)-Munoz Pantoja,M (2401) Barcelona 2015}) 5. cxd5 cxd5 6. Qb3 {A00: Irregular Openings} e4 (6... Nf6 $11 {keeps the balance.}) 7. Nh3 $146 ({Predecessor:} 7. dxe4 dxe4 8. Nh3 Bd6 9. O-O Qe7 10. Nc3 Nf6 11. Bg5 Be6 12. Qb5+ Kf7 13. Bxf6 gxf6 {1-0 (63) Mahoney,N (1824)-Mavinkurve,A Sheffield 2011}) 7... Nc6 8. O-O {White is better.} Nf6 9. Bg5 Na5 10. Qb5+ (10. Qc2 $16) 10... Bd7 $11 11. Bxf6 $1 Bxb5 12. Bxd8 Rxd8 ({Much weaker is} 12... Kxd8 $6 13. Nc3 $16) 13. Nc3 Ba6 (13... Bc6 $11 {remains equal.}) 14. Nf4 $16 ({Reject} 14. dxe4 $6 dxe4 15. Rfd1 Rxd1+ 16. Rxd1 g6 $11) 14... d4 15. Ncd5 $36 {[%mdl 2048] White is really pushing.} g5 16. Ne6 Rd6 17. Nec7+ Kd7 18. dxe4 fxe4 19. Bxe4 {aiming for b4.} Bxe2 20. Bf5+ Kd8 {[#]} 21. Rfe1 $1 {[%cal Re1e2]} d3 {Black wants to play ...Nc6.} 22. Ne6+ Rxe6 23. Bxe6 Nc6 {Threatening ...Nd4.} 24. Nc3 Nd4 25. Nxe2 Nf3+ 26. Kg2 Nxe1+ 27. Rxe1 dxe2 28. Rxe2 {[%mdl 4096] Endgame KRB-KRB} Bd6 29. Bd5 b6 30. Re6 Kd7 31. Rh6 Bf8 32. Rh5 h6 33. h4 Kd6 34. Bc4 (34. hxg5 Kxd5 35. gxh6+ Ke6 $15) 34... gxh4 35. Rxh4 Bg7 36. b3 Re8 37. Rg4 Re7 38. Rg6+ Kc5 39. a4 Kd4 40. Kh3 Bf8 41. f4 Ke4 42. Kh4 Rg7 43. Rxh6 Rxg3 44. Re6+ ({And not} 44. Kxg3 Bxh6 45. Kg4 Bxf4 $11) 44... Kf3 45. Bd5+ Kf2 46. f5 Re3 47. Kg5 Rh3 (47... Rd3 $142) 48. f6 $18 Rd3 49. Bc4 Rg3+ 50. Kf5 Bh6 (50... Kg1 {might work better.} 51. f7 Bc5) 51. f7 Rg5+ $2 (51... Rf3+ 52. Kg6 Bf8 53. Re2+ Kg1) 52. Kf6 Kf3 {[#]} 53. f8=Q $1 {[%mdl 512] Accuracy: White = 91%, Black = 45%.} 1-0

[Event "Sarajevo-ch 2019"]
[Site "Sarajevo"]
[Date "2019.03.18"]
[Round "8.3"]
[White "Mrndjic, Muamer"]
[Black "Dizdarevic, Emir"]
[Result "1/2-1/2"]
[WhiteElo "2246"]
[BlackElo "2430"]
[Annotator "TA"]
[PlyCount "69"]
[EventDate "2019.03.12"]
[EventType "tourn"]
[EventCountry "BIH"]
[SourceTitle "playchess.com"]
[Source "ChessBase"]
[SourceQuality "1"]

{[%evp 21,69,7,22,13,5,24,62,54,52,18,23,0,22,18,24,6,0,0,0,0,25,0,49,33,30,28,40,9,16,0,239,9,9,7,19,12,8,1,4,2,1,0,0,0,0,0,0,0,0,0]} 1. d4 Nf6 2. c4 b6 3. Nf3 Bb7 4. g3 e6 5. Bg2 Bb4+ 6. Bd2 Be7 7. O-O O-O 8. Bf4 Na6 9. Nc3 d5 10. Ne5 c5 11. cxd5 exd5 12. Qa4 {E18: Queen's Indian: Old Main Line (4 g3 Bb7 5 Bg2 Be7 6 0-0 0-0 7 Nc3)} (12. Rc1 Ne4 13. Nxe4 dxe4 14. dxc5 Nxc5 15. Qc2 Rc8 16. Rcd1 Qe8 17. Bh3 Ne6 18. Qb3 Nc5 19. Qa3 Na4 20. Qe3 f5 21. Rd4 Kh8 22. Nd7 Rf7 23. Rxa4 Qxd7 24. Rxa7 {1-0 (40) Cheparinov,I (2682)-Tiviakov,S (2611) Antofagasta 2016}) 12... Qc8 13. Rac1 Qe6 14. Rfd1 {White is slightly better.} Rfd8 15. Nf3 h6 16. h4 $146 ({Predecessor:} 16. dxc5 bxc5 17. Qb5 Qb6 18. Ne5 g5 19. Bd2 {0-1 (78) Mola,P (2203)-Dervishi,E (2496) Montecatini Terme 1999}) 16... Bf8 17. a3 Ne4 18. Qb3 Qe8 19. Qc2 Nxc3 20. Qxc3 Rac8 21. Qd2 cxd4 22. Nxd4 Nc5 23. Bh3 Ne4 $1 {[%cal Re4d2]} 24. Qd3 Rc4 25. Rxc4 Ba6 $2 {[#]} (25... dxc4 $11 {and Black stays safe.} 26. Qxc4 Nf6) 26. Qc2 $2 (26. Nb5 $1 $18 Qxb5 27. Rc7) 26... dxc4 $11 {The position is equal.} 27. Bc7 Rd5 28. Bg2 Rc5 $1 {White should prevent ...Nxf2.} 29. Bxb6 Nxf2 $1 30. Bxc5 ({Of course not} 30. Kxf2 axb6 31. Bf3 {[#]} c3 $1 $17 {[%mdl 512]}) 30... Nxd1 31. Bxf8 Qe3+ 32. Kh2 Qxd4 33. Bb4 Ne3 34. Qd2 Ng4+ 35. Kh3 {Accuracy: White = 51%, Black = 63%.} 1/2-1/2

[Event "Sarajevo-ch 2019"]
[Site "Sarajevo"]
[Date "2019.03.18"]
[Round "8.4"]
[White "Hadzovic, Amir"]
[Black "Burovic, Rijad"]
[Result "1/2-1/2"]
[WhiteElo "2255"]
[BlackElo "2340"]
[Annotator "TA"]
[PlyCount "118"]
[EventDate "2019.03.12"]
[EventType "tourn"]
[EventCountry "BIH"]
[SourceTitle "playchess.com"]
[Source "ChessBase"]
[SourceQuality "1"]

{[%evp 9,118,-19,-20,-20,-24,-23,-25,-23,-22,-21,-3,-2,-5,-14,0,0,0,0,0,0,-2,-55,-64,-84,-72,-86,-75,-75,-75,-75,-72,-52,-38,-36,92,-61,-70,-60,-8,-6,-6,-28,-22,-27,-32,-30,-33,-47,-46,-166,-161,-161,-156,-221,-214,-209,-168,-169,0,-205,-215,-214,-202,-222,-211,-247,-240,-269,-172,-227,-182,-256,-264,-264,-264,-264,-264,-266,-264,-243,-250,-212,-122,-208,-92,-85,-85,-115,-17,-104,-100,-124,-19,-29,-14,-14,0,-13,0,0,0,0,0,0,0,0,0,0,0,0,0]} 1. e4 e6 2. Nf3 d5 3. e5 c5 4. g3 Nc6 5. Bg2 g5 6. h3 {C00: French: Unusual White 2nd moves} Bg7 7. d4 (7. O-O Nxe5 8. Nxe5 Bxe5 9. Qe2 Qd6 10. Nc3 Ne7 11. Nb5 Qb8 12. d4 cxd4 13. Bxg5 {0-1 (59) Hadzovic,A (2281)-Burovic,R (2341) Jahorina 2018}) 7... Nxd4 8. Nxd4 {Black has an edge.} cxd4 9. Qxd4 h6 $146 ({Predecessor:} 9... Qc7 10. Bxg5 Bxe5 11. Qd3 h6 12. Bd2 {½-½ (23) Jossien,A (2323)-Epishin,V (2574) Bethune 2005}) 10. c4 Qc7 11. Na3 Bxe5 12. Nb5 Qb8 $1 13. Qd3 $1 dxc4 14. Qxc4 a6 15. Na3 (15. Nc3 $11) 15... Ne7 $15 16. O-O b5 $36 {[%mdl 2048] Keeping White busy.} 17. Qe2 Ra7 18. Be3 Rd7 19. Rad1 O-O 20. h4 Rxd1 (20... gxh4 {seems wilder.} 21. Bxh6 Rfd8 22. Bg5 Rxd1 23. Rxd1 Rxd1+ 24. Qxd1 Qc7) 21. Rxd1 Nf5 {[#]} (21... Bb7 $15 {stays ahead.}) 22. hxg5 $2 (22. Bc5 $1 $16) 22... Nxe3 23. Qxe3 hxg5 ({Black should play} 23... Bxb2 $15 24. gxh6 Qe5) 24. Qxg5+ $11 Bg7 25. Rd8 {White threatens Rxf8+ and mate.} Qc7 26. Rxf8+ Kxf8 27. Qd2 Ke7 28. Nc2 Qd6 29. Qe2 (29. Qc1 $15) 29... Bxb2 $19 30. Ne3 Qe5 31. Qf3 (31. f4 $17 Qd4 32. Kf1) 31... Bd4 32. Qc6 Qc5 33. Qe4 Qe5 34. Qc6 $1 Kd8 35. Qf3 f5 36. Qd1 {Threatens to win with Nc2.} Kc7 37. Qf3 Qc5 38. Kh2 Qd6 39. Nc2 (39. Kh1 $142) 39... Bc5 40. Na1 (40. Ne3 $142) 40... e5 41. Nb3 Bb6 42. Qc3+ Kb8 43. Na5 {intending Nc6+.} e4 ({Weaker is} 43... Bxf2 44. Nc6+ Kc7 45. Nxe5+ Kb6 46. Qxc8 $15) 44. Nc6+ Ka8 45. Ne7 Bd7 (45... Be6 $19 46. Qf6 Bd4 47. Nxf5 Qxg3+ 48. Kxg3 Bxf6 49. Bxe4+ Ka7) 46. Nc8 (46. Qh8+ $17 {is a better defense.} Kb7 47. Qh7) 46... Qc5 (46... Bd4 $19 {is more deadly. aiming for ...Qh6+.} 47. Nxd6 Bxc3) 47. Nxb6+ $17 Qxb6 48. Kg1 Qc6 (48... Qd6 $17 49. Qg7 Bc6) 49. Qe5 (49. Qd4 $1 $11) 49... Kb7 50. g4 {[#]} Qe6 ({Black should try} 50... Qc1+ $1 $17 51. Bf1 Qg5) 51. Qg7 $1 $11 fxg4 52. Bxe4+ $1 {The position is equal.} Kc7 53. Qd4 Qb6 54. Qc3+ Kb8 55. Qh8+ Kc7 56. Qc3+ Kb8 57. Qh8+ Kc7 58. Qc3+ Kb8 59. Qh8+ Kc7 {Accuracy: White = 46%, Black = 51%.} 1/2-1/2

[Event "Sarajevo-ch 2019"]
[Site "Sarajevo"]
[Date "2019.03.18"]
[Round "8.5"]
[White "Sitnic, Ahmed"]
[Black "Terzic, Ilijas"]
[Result "0-1"]
[WhiteElo "1841"]
[BlackElo "2137"]
[Annotator "TA"]
[PlyCount "48"]
[EventDate "2019.03.12"]
[EventType "tourn"]
[EventCountry "BIH"]
[SourceTitle "playchess.com"]
[Source "ChessBase"]
[SourceQuality "1"]

{[%evp 10,48,46,-4,16,25,32,0,2,0,6,-13,-17,-12,-9,-44,-37,-60,-72,-118,-121,-125,-137,-250,-259,-306,-314,-398,-392,-384,-388,-379,-352,-504,-517,-512,-461,-517,-468,-972,-965]} 1. d4 Nf6 2. c4 e6 3. Nf3 d5 4. Nc3 Bb4 5. Bg5 h6 6. Bh4 O-O {D38: Queen's Gambit Declined: Ragozin Defence (4 Nf3 Bb4)} (6... dxc4 7. a3 Bxc3+ 8. bxc3 Nbd7 9. e3 b5 10. a4 c6 11. Qb1 a6 12. Be2 O-O 13. O-O Qe8 14. Re1 Nd5 {0-1 (30) Mamedyarov,S (2817)-Vidit,S (2695) Wijk aan Zee 2019}) 7. e3 c5 8. a3 Bxc3+ {The position is equal.} 9. bxc3 Nbd7 10. cxd5 exd5 11. Bd3 Qa5 $36 {[%mdl 2048] Black is more active.} 12. Qd2 $146 ({Predecessor:} 12. Qc1 cxd4 13. Nxd4 Nc5 {0-1 (35) Juelg,G (1821)-Wulf,J (1931) Forchheim 2016}) 12... Ne4 13. Bxe4 dxe4 14. Ng1 b6 15. Ne2 Ba6 16. O-O {[#]} (16. c4 $17 {was called for.}) 16... cxd4 $1 $19 17. Be7 Bxe2 18. Bxf8 Bxf1 ({Not} 18... Kxf8 19. Qxe2 d3 20. Qb2 $15) 19. Bb4 Qd5 20. Rxf1 a5 21. Be7 (21. cxd4 {is a better defense.} axb4 22. Qxb4) 21... d3 {Black is clearly winning.} 22. f3 f5 23. fxe4 fxe4 24. g4 (24. c4 $142 Qe6 25. Bh4) 24... Ne5 {Accuracy: White = 17%, Black = 86%.} 0-1

[Event "Sarajevo-ch 2019"]
[Site "Sarajevo"]
[Date "2019.03.19"]
[Round "9.1"]
[White "Terzic, Ilijas"]
[Black "Kurtcehajic, Suad"]
[Result "1/2-1/2"]
[WhiteElo "2137"]
[BlackElo "1982"]
[Annotator "NA"]
[PlyCount "71"]
[EventDate "2019.03.12"]
[EventType "tourn"]
[EventCountry "BIH"]
[SourceTitle "playchess.com"]
[Source "ChessBase"]
[SourceQuality "1"]
[TimeControl "5400+30"]

1. d4 d5 {[%emt 0:00:31]} 2. Nf3 {[%emt 0:10:39]} Nf6 {[%emt 0:00:03]} 3. c4 {[%emt 0:00:40]} e6 {[%emt 0:00:38]} 4. Nc3 {[%emt 0:00:11]} c6 {[%emt 0:00:06]} 5. cxd5 {[%emt 0:00:12]} exd5 {[%emt 0:00:36]} 6. Bg5 {[%emt 0:00:10]} Be7 {[%emt 0:00:42]} 7. e3 {[%emt 0:00:34]} Nbd7 {[%emt 0:07:38]} 8. Bd3 {[%emt 0:00:34]} O-O {[%emt 0:01:39]} 9. Qc2 {[%emt 0:01:00]} h6 {[%emt 0:00:17]} 10. Bh4 {[%emt 0:00:23]} Re8 {[%emt 0:00:05]} 11. O-O {[%emt 0:00:36]} Ne4 {[%emt 0:00:23]} 12. Bxe7 {[%emt 0:02:09]} Qxe7 {[%emt 0:00:06]} 13. Rab1 {[%emt 0:01:08]} b6 {[%emt 0:13:05]} 14. b4 {[%emt 0:01:25]} Bb7 {[%emt 0:03:08]} 15. Qb3 {[%emt 0:02:40]} Ndf6 {[%emt 0:05:01]} 16. a4 {[%emt 0:06:51]} g5 {[%emt 0:02:56]} 17. Bxe4 {[%emt 0:00:41]} Nxe4 {[%emt 0:02:55]} 18. Nxe4 {[%emt 0:00:40]} dxe4 {[%emt 0:02:54]} 19. Nd2 {[%emt 0:07:36]} Rad8 {[%emt 0:05:46]} 20. Rfc1 {[%emt 0:00:41]} Rd6 {[%emt 0:11:05]} 21. Rc3 {[%emt 0:00:59]} Rg6 {[%emt 0:06:05]} 22. Rbc1 {[%emt 0:02:19]} Qe6 {[%emt 0:04:56]} 23. Qc2 {[%emt 0:11:50]} Qd5 {[%emt 0:01:11]} 24. Nc4 {[%emt 0:00:41]} Rge6 {[%emt 0:02:25]} 25. Nd2 {[%emt 0:02:46]} Kg7 {[%emt 0:02:45]} 26. Qb3 {[%emt 0:01:19]} Qxb3 {[%emt 0:01:44]} 27. Nxb3 {[%emt 0:01:58]} Rd8 {[%emt 0:00:48]} 28. b5 {[%emt 0:01:08]} cxb5 {[%emt 0:02:38]} 29. axb5 {[%emt 0:00:29]} Bd5 {[%emt 0:00:03]} 30. Nd2 {[%emt 0:00:50]} Re7 {[%emt 0:05:33]} 31. f3 {[%emt 0:03:26]} f5 {[%emt 0:00:22]} 32. Kf2 {[%emt 0:01:08]} h5 {[%emt 0:01:04]} 33. Nc4 {[%emt 0:01:45]} Bxc4 {[%emt 0:03:29]} 34. Rxc4 {[%emt 0:00:20]} Rd5 {[%emt 0:00:32]} 35. Rb1 {[%emt 0:03:31]} h4 {[%emt 0:05:15]} 36. Rc6 {[%emt 0:00:15]} 1/2-1/2

[Event "Sarajevo-ch 2019"]
[Site "Sarajevo"]
[Date "2019.03.19"]
[Round "9.2"]
[White "Burovic, Rijad"]
[Black "Sitnic, Ahmed"]
[Result "1-0"]
[WhiteElo "2340"]
[BlackElo "1841"]
[Annotator "TA"]
[PlyCount "73"]
[EventDate "2019.03.12"]
[EventType "tourn"]
[EventCountry "BIH"]
[SourceTitle "playchess.com"]
[Source "ChessBase"]
[SourceQuality "1"]

{[%evp 17,73,60,79,67,70,65,75,67,126,132,135,134,157,157,196,202,211,216,234,236,270,262,272,273,260,262,272,247,240,249,240,251,283,283,284,260,330,282,388,357,453,465,571,565,563,562,616,597,622,612,735,731,712,715,697,687,656,642]} 1. e4 d5 2. exd5 Qxd5 3. Nf3 Nf6 4. d4 c6 5. Be2 Bf5 6. O-O {B01: Scandinavian Defence} e6 7. c4 Qd8 (7... Qd6 8. Nh4 Bg6 9. Nc3 Be7 10. g3 O-O 11. Nxg6 hxg6 12. Bf4 {½-½ (25) Lupulescu,C (2620)-Laznicka,V (2654) Germany 2018}) 8. Nc3 Be7 9. Nh4 Bg6 {LiveBook: 3 Games} 10. Nxg6 hxg6 11. Bf3 O-O 12. Re1 Bb4 (12... Qc7 $14) 13. Qb3 $146 Bxc3 14. bxc3 Qb6 15. Rb1 Nbd7 16. Bf4 Qxb3 17. Rxb3 ({Don't take} 17. axb3 $6 a6 $16) 17... Nb6 18. c5 Nc4 19. Rxb7 Nd5 20. Bxd5 cxd5 21. h4 Rfc8 22. Rd7 Rd8 23. Rxd8+ Rxd8 $18 {[%mdl 4096] Endgame KRB-KRN} 24. Rb1 Rc8 25. Rb7 a6 26. Ra7 Rc6 27. Bc7 Kf8 {[#]} 28. Bb6 $1 {[%mdl 512]} e5 (28... Nxb6 29. Rxa6) 29. Rxa6 {White is clearly winning.} Ke7 30. Ra7+ Ke6 31. a4 {[%cal Ba2a4,Ba4a5,Ba5a6,Ba6a7][%mdl 32]} Na3 32. Rb7 exd4 33. cxd4 Nc2 34. a5 Nxd4 35. a6 Rc8 36. a7 {[#] Rb8 is the strong threat.} Nc6 37. Rc7 {Precision: White = 97%, Black = 34%.} 1-0